Iconic Vines Trivia - Statistics

General Stats
  • This quiz has been taken 50 times
  • The average score is 15 of 28
Answer Stats
Hint Answer % Correct
Hurricane Katrina? More like Hurricane ___? Tortilla
90%
___ work ahead? Uh, yeah. I sure hope it does. Road
88%
Whats 9 + 10? 21
83%
Two bros chilling in a hot tub ___ feet apart cuz they're not gay. 5
81%
A ___ flew around my room Potato
81%
Stop I coulda dropped my ___ Croissant
79%
And they were ___ Roommates
76%
The only thing worse than a r*pist? A child
71%
What up, I'm Jared I'm 19 and I never f***ing learned how to ___ Read
71%
I'm in me mum's car, ___ Vroom vroom
71%
Look at all those Chickens
69%
Hi, welcome to ___ Chilis
67%
Im lesbian. "I thought you were ___" American
57%
Why you always ___ Lying
55%
Country boy, ___ I love you
52%
I love myself. Even though I look like a ___ I still love myself Burnt chicken nugget
48%
What was Del Taco serving? Freshavacado
48%
Nah they usually tell me I look like ___ Shalissa
48%
Two shots of ___ Vodka
48%
Im a bad b**** you can't ___ Kill me
43%
Look at this ___ Graph
40%
Can I get a ___? Can I please get a ___? Waffle
40%
Wait oh yes wait a minute ___ Mr. Postman
31%
Why are you ___? Running
29%
What the f*** ___? Richard
26%
Actually, I cant sit anywhere. I have Hemorrhoids
21%
I like your accent where you from? I'm ___ Liberian
17%
Squash ___ Banana
10%
No matching quizzes found
Score Distribution
Percent of People with Each Score
Percentile by Number Answered
Your Score History
You have not taken this quiz